000 00415cam a22001337a 4500
008 180718b1954 xxu||||| |||| 00| 0 eng d
082 _aL311603x73 C423
100 _aChermak, Lawrence E.
245 _aLaw of revenue bonds
_cby Lawrence E. Chermak
260 _aWashington, D.C.
_bNational Inst. of Municipal Las Cfficers
_c1954
300 _a236p.
500 _a$5.00
650 _aBonds, Revenue - USA - Legislation
999 _c478730
_d478730